Sports Quiz

Random Sports or MLB Quiz

Colorado Rockies Opening Day Starting Pitchers Quiz Stats

 Plays Quiz Updated Apr 1, 2019

Score 0/27 Timer 05:00
0 Plays Today
Year Starter % Correct
2010Ubaldo Jimenez
74.5%
2011Ubaldo Jimenez
74.5%
2001Mike Hampton
64.2%
2002Mike Hampton
64.2%
2018Jon Gray
58.7%
2017Jon Gray
51.9%
2019Kyle Freeland
49.2%
2014Jorge De La Rosa
44.8%
2016Jorge De La Rosa
44.8%
2007Aaron Cook
42.1%
2009Aaron Cook
42.1%
2003Jason Jennings
28.5%
2006Jason Jennings
28.5%
2013Jhoulys Chacin
23.6%
Year Starter % Correct
1998Darryl Kile
23.5%
1999Darryl Kile
23.5%
1993David Nied
19.3%
2000Pedro Astacio
18.1%
1996Kevin Ritz
13%
1997Kevin Ritz
13%
1994Armando Reynoso
11.7%
2015Kyle Kendrick
11.1%
1995Bill Swift
10.3%
2005Joe Kennedy
9.9%
2008Kip Wells
9%
2012Jeremy Guthrie
7.6%
2004Shawn Estes
7.6%

You're not logged in!

Compare scores with friends on all Sporcle quizzes.
OR
Log In

Sporcle TV

Today on Sporcle TV


Watch our educational content, quiz creation guides, and fun videos on Sporcle TV.

Show Comments

Extras

Top Quizzes Today


Score Distribution

Your Account Isn't Verified!

In order to create a playlist on Sporcle, you need to verify the email address you used during registration. Go to your Sporcle Settings to finish the process.

Report this User

Report this user for behavior that violates our Community Guidelines.

Details: